000 00696nam a2200289Ia 4500
005 20260324150652.0
008 008 260324s9999 xx 000 0 eng d
020 _a9781315443805
037 _aEBOOK
040 _aCRL
040 _beng
040 _cCRL
041 _2eng
041 _aeng
084 _qCRL
100 _aA. J. Arberry
_91206769
245 0 _aRoutledge Revivals: Scheherezade (1953)
245 0 _bTales from the Thousand and One Nights
260 _bTaylor and Francis
260 _c1953
365 _a
365 _b230
856 _uhttp://www.taylorfrancis.com/books/9781315443805
942 _cEBOOK
999 _c1837074
_d1837074